Mystery Country Word Search Quiz Stats

Quiz Updated Sep 8, 2015

Challenge
Share
Tweet
Score 0/100 Timer 04:00
1 Play Today
% Correct
B 
98%
E 
98%
L 
98%
A 
98%
R 
98%
U 
98%
S 
98%
N 
95.2%
O 
95.2%
R 
95.2%
T 
95.2%
H 
95.2%
K 
95.2%
O 
95.2%
R 
95.2%
E 
95.2%
A 
95.2%
A 
94.2%
Z 
94.2%
E 
94.2%
R 
94.2%
B 
94.2%
A 
94.2%
I 
94.2%
J 
94.2%
A 
94.2%
N 
94.2%
U 
87.6%
K 
87.6%
R 
87.6%
A 
87.6%
I 
87.6%
N 
87.6%
E 
87.6%
% Correct
M 
82.9%
O 
82.9%
N 
82.9%
G 
82.9%
O 
82.9%
L 
82.9%
I 
82.9%
A 
82.9%
N 
74.5%
O 
74.5%
R 
74.5%
W 
74.5%
A 
74.5%
Y 
74.5%
L 
73.4%
I 
73.4%
T 
73.4%
H 
73.4%
U 
73.4%
A 
73.4%
N 
73.4%
I 
73.4%
A 
73.4%
E 
72.7%
S 
72.7%
T 
72.7%
O 
72.7%
N 
72.7%
I 
72.7%
A 
72.7%
K 
72.3%
A 
72.3%
Z 
72.3%
A 
72.3%
% Correct
K 
72.3%
H 
72.3%
S 
72.3%
T 
72.3%
A 
72.3%
N 
72.3%
C 
67.7%
H 
67.7%
I 
67.7%
N 
67.7%
A 
67.7%
F 
67.4%
I 
67.4%
N 
67.4%
L 
67.4%
A 
67.4%
N 
67.4%
D 
67.4%
G 
59.5%
E 
59.5%
O 
59.5%
R 
59.5%
G 
59.5%
I 
59.5%
A 
59.5%
L 
59.4%
A 
59.4%
T 
59.4%
V 
59.4%
I 
59.4%
A 
59.4%
POLAND
22.7%

You're not logged in!

Compare scores with friends on all Sporcle quizzes.
Join for Free
OR
Log In

You Might Also Like...

Show Comments

Extras

Top Quizzes Today


Score Distribution

Your Account Isn't Verified!

In order to create a playlist on Sporcle, you need to verify the email address you used during registration. Go to your Sporcle Settings to finish the process.

Report this User

Report this user for behavior that violates our Community Guidelines.

Details: